PHYSIOTHERAPY IN NEUROLOGICAL CONDITION (Record no. 25314)
[ view plain ]
| 000 -LEADER | |
|---|---|
| fixed length control field | 00401nam a22001577a 4500 |
| 003 - CONTROL NUMBER IDENTIFIER | |
| control field | SGT |
| 020 ## - INTERNATIONAL STANDARD BOOK NUMBER | |
| International Standard Book Number | 9789354653926 |
| 082 ## - DEWEY DECIMAL CLASSIFICATION NUMBER | |
| Classification number | 612.8 |
| Item number | P22S |
| 100 ## - MAIN ENTRY--PERSONAL NAME | |
| Personal name | SHETH, MEGHA SANDEEP |
| 245 ## - TITLE STATEMENT | |
| Title | PHYSIOTHERAPY IN NEUROLOGICAL CONDITION |
| 260 ## - PUBLICATION, DISTRIBUTION, ETC. (IMPRINT) | |
| Place of publication, distribution, etc | INDIA |
| Name of publisher, distributor, etc | JAYPEE PUB |
| Year of Publication | 2022 |
| 300 ## - PAGE DESCRIPTION | |
| No. of Pages | 580 |
| 650 ## - SUBJECT ADDED ENTRY--TOPICAL TERM | |
| Topical term or geographic name as entry element | PHYSIOTHERAPY |
| 653 ## - KEYWORDS--INDEX TERM | |
| Keyword term | PHYSIOTHERAPY IN NEUROLOGICAL CONDITION |
| 942 ## - ADDED ENTRY ELEMENTS (KOHA) | |
| Source of classification or shelving scheme | Dewey Decimal Classification |
| Koha item type | Books |
| 942 ## - ADDED ENTRY ELEMENTS (KOHA) | |
| -- | 9 |
| Withdrawn status | Lost status | Source of classification or shelving scheme | Damaged status | Not for loan | Collection code | Home library | Current library | Shelving location | Date acquired | Vendor Name | Cost, normal purchase price | SGTU | Bill Number | Total Checkouts | Full call number | Accession No. (Barcode) | Checked out | Date last seen | Date last borrowed | Bill Date | Koha item type | Total Renewals |
|---|---|---|---|---|---|---|---|---|---|---|---|---|---|---|---|---|---|---|---|---|---|---|
| Dewey Decimal Classification | MEDICAL | SGT Medical Library | SGT Medical Library | Text Book | 29/11/2023 | ABC DELHI | 995.00 | SGTU | 17259 | 12 | 612.8 P22S | FM14074 | 08/06/2026 | 25/05/2026 | 25/05/2026 | 18/08/2023 | Books | |||||
| Dewey Decimal Classification | MEDICAL | SGT Medical Library | SGT Medical Library | Text Book | 29/11/2023 | ABC DELHI | 995.00 | SGTU | 17259 | 18 | 612.8 P22S | FM14075 | 01/07/2026 | 01/06/2026 | 01/06/2026 | 18/08/2023 | Books | 1 |